000 00764nam a22001577a 4500
003 OSt
005 20151005162317.0
008 151005b xxu||||| |||| 00| 0 eng d
040 _cRUA
082 _aAVM PHO 2005 B075 Or.1
100 _92073
_aPHON PUTH BOREY
245 _aThe study the prevalence of cysticosis in pigs, cattle, and buffaloes at slaughterhous daun keo district, takeo province, (ការសិក្សាពីកំរិតរាលដាលរបស់ជំងឺចុងអង្ករ លើសត្វជ្រូក គោ ក្របី នៅទីសត្តឃាដ ស្រុកដូនកែវ ខេត្តតាកែវ)
260 _aphnom penh
_bRUA
_c2005
300 _ax, 32p.
_bill.
_c29cm.
942 _2ddc
_cAVM
999 _c1958
_d1958